[Event "LSS RB-2009-0-00046"]
[Site "LSS email"]
[Date "2009.04.10"]
[Round "?"]
[White "Pott, Brian"]
[Black "Reppert, Victor E"]
[Result "1/2-1/2"]
[WhiteElo "1844"]
[BlackElo "1928"]
[PlyCount "78"]
[EventDate "2009.02.22"]
[EventType "tourn (corr)"]
[EventRounds "6"]
[EventCountry "GER"]
[SourceTitle "Corr 2011"]
[Source "ChessBase"]
[SourceDate "2010.08.31"]
[SourceVersion "1"]
[SourceVersionDate "2010.08.31"]
[SourceQuality "1"]

1. e4 c5 2. Nc3 Nc6 3. g3 g6 4. Bg2 Bg7 5. d3 e6 6. Be3 d6 7. Qd2 Rb8 8. Nge2 Nd4 9. 0-0 b5 10. Nd1 Ne7 11. Nxd4 cxd4 12. Bh6 0-0 13. Bxg7 Kxg7 14. f4 f5 15. Re1 fxe4 16. dxe4 e5 17. Nf2 a5 18. Rf1 Be6 19. Nd3 Qc7 20. h3 Rbc8 21. Rf2 a4 22. a3 Rf7 23. Raf1 Rcf8 24. Rc1 Kg8 25. Kh1 Nc6 26. Rcf1 Bc4 27. Rf3 d5 28. R3f2 dxe4 29. Bxe4 exf4 30. Rxf4 Ne5 31. Rxf7 Rxf7 32. Rxf7 Nxf7 33. Kg2 Nd6 34. Qf4 Qe7 35. Bc6 Qe2+ 36. Nf2 Nf5 37. Be4 Ne3+ 38. Kh2 Nxc2 39. Qb8+ Kf7 1/2-1/2

[Event "LSS OP-2009-0-00754"]
[Site "LSS email"]
[Date "2009.02.18"]
[Round "?"]
[White "Pech, Jaroslav Sr"]
[Black "Reppert, Victor E"]
[Result "1-0"]
[WhiteElo "1747"]
[BlackElo "1928"]
[PlyCount "55"]
[EventDate "2009.02.12"]
[EventType "tourn (corr)"]
[EventRounds "4"]
[EventCountry "GER"]
[SourceTitle "Corr 2011"]
[Source "ChessBase"]
[SourceDate "2010.08.31"]
[SourceVersion "1"]
[SourceVersionDate "2010.08.31"]
[SourceQuality "1"]

1. e4 c5 2. Nf3 Nc6 3. d4 cxd4 4. Nxd4 g6 5. c4 Nf6 6. Nc3 d6 7. Be2 Nxd4 8. Qxd4 Bg7 9. 0-0 0-0 10. Qd3 Be6 11. Bg5 Qa5 12. Nd5 Bxd5 13. exd5 Rfe8 14. Bd2 Qc7 15. Rae1 Nd7 16. b3 e6 17. dxe6 Rxe6 18. Qh3 Rae8 19. Bf3 Rxe1 20. Rxe1 Rxe1+ 21. Bxe1 b5 22. cxb5 Qc1 23. Kf1 Bc3 24. Bd1 Bxe1 25. Kxe1 Nc5 26. a4 Qa1 27. Qe3 d5 28. Qxc5 1-0